000 00461nam a2200145Ia 4500
008 231129s1996||||xx |||||||||||||| ||spa||
020 _a958-9298-43-5
040 _bspa
082 _aR 020.92 C718
100 _aArchivo General de la Nacion Republica de Colombia
245 0 _aTesoros documentales : Guia del archivo General de la Nacion
260 _c1996
264 _aArchivo General de la Nación
942 _2ddc
_cBKS
999 _c25309
_d25309